|
|
|
|
| LEADER |
00000nam a2200000 a 4500 |
| 001 |
vtls001381752 |
| 003 |
SK-MaSNL |
| 005 |
20260426004523.0 |
| 008 |
160322s1999 xo ab rd d 0 slo |
| 015 |
|
|
|a SNBE2000/02-00490
|
| 020 |
|
|
|a 8080590281
|
| 035 |
|
|
|a SNK000335784
|
| 040 |
|
|
|a SNK
|b slo
|c SNK
|e AACR2
|
| 041 |
0 |
|
|a slo
|
| 044 |
|
|
|a xo
|c SK
|
| 080 |
|
|
|a 7.046:28:061.4(083.9)
|2 1981
|
| 080 |
|
|
|a 28
|2 1981
|
| 110 |
0 |
|
|a Slovenská národná galéria
|4 aut
|9 59840
|
| 245 |
1 |
|
|a Témy, scény, motívy kresťanskej ikonografie zo zbierok SNG
|b Slovenská národná galéria 1999
|c koncepcia výstavy Magda Keletiová ; grafický dizajn Bedrich Schreiber ; fotografie Anna Mičúchová
|
| 260 |
|
|
|a Bratislava
|b Slovenská národná galéria
|c 1999
|
| 300 |
|
|
|a 1 skladačka ([8] s.)
|b fareb. fotogr.
|c 21x10 cm
|e 2 s.
|
| 504 |
|
|
|a Biogr. údaje
|
| 610 |
2 |
7 |
|a Slovenská národná galéria
|2 SNKKA
|9 59840
|
| 648 |
|
7 |
|a 1999
|2 SNK
|9 266597
|
| 650 |
0 |
7 |
|a ikonografia
|2 SNKPH
|9 26172
|
| 650 |
0 |
7 |
|a zbierky
|2 SNKPH
|9 247422
|
| 651 |
|
7 |
|a Bratislava (Slovensko)
|2 SNKPHgeo
|9 14568
|
| 655 |
|
7 |
|a katalógy výstav
|2 SNKPH
|9 70445
|
| 700 |
1 |
|
|a Keletiová, Magda,
|d 1943-
|4 aud
|9 220296
|
| 700 |
1 |
|
|a Schreiber, Bedrich,
|d 1926-1997
|4 gup
|9 160288
|
| 700 |
1 |
|
|a Mičúchová, Anna
|4 fot
|9 45717
|
| 919 |
|
|
|a 80-8059-028-1
|
| 958 |
|
|
|a TL
|
| 958 |
|
|
|a BX
|
| 999 |
|
|
|c 980909
|d 982839
|
| 952 |
|
|
|t P60, <03>, [BOOK], {603}
|a SNK
|b SNK
|y PREZ
|7 0
|p 17A0226473
|o snkOSC 20558
|i snkKSP 1274/2000
|0 0
|1 0
|4 0
|d 2000-01-28
|l 0
|r 2005-01-02 00:00:00
|w 2026-02-24
|
| 952 |
|
|
|a SNK
|b SNK
|y PREZ
|7 0
|p 17A0226474
|o snkOSC 20558 D1
|i snkKSP 1275/2000
|8 0
|3 Obsahuje: 1ks voľný list
|z Obsahuje: 1ks voľný list
|0 0
|1 0
|4 0
|d 2000-01-28
|l 0
|r 2005-01-02 00:00:00
|w 2026-02-24
|